| 000 | 00431nam a2200181Ia 4500 | ||
|---|---|---|---|
| 003 | OSt | ||
| 005 | 20260312145945.0 | ||
| 008 | 250729s2005 xx 000 0 und d | ||
| 040 | _cAL | ||
| 041 | _aeng | ||
| 082 | _a372.8 NCEE | ||
| 100 |
_aNCERT _9230093 |
||
| 245 | _aEnvironment education handbook | ||
| 260 |
_aGovt of India _bMinistry of HRD _c2005 |
||
| 300 | _a192p | ||
| 650 |
_aEducation _9230094 |
||
| 942 |
_2ddc _cBED |
||
| 999 |
_c238609 _d238609 |
||